Podpora podnikateľských paradigiem prostredníctvom vzdelávania v cvičnej firme

Cvičná firma ako jedna z foriem podpory podnikateľských paradigiem prostredníctvom vzdelávania. Cvičná firma ako moderná vyučovacia forma. Dôraz kladený na proces zakladania firmy, voľby predmetu podnikania a právnej formy podnikania, výberu obchodného mena, loga a vypracovaniu marketingovej stratég...

Descrizione completa

Salvato in:
Dettagli Bibliografici
Autore principale: Velichová, Ľudmila
Natura: Capitolo di libro
Lingua:slovacco
Soggetti:
Tags: Aggiungi Tag
Nessun Tag, puoi essere il primo ad aggiungerne!!

MARC

LEADER 00000nla$a2200000$$$4500
001 0067087
005 20240502071813.0
041 0 |a slo 
044 |a SK 
245 1 0 |a Podpora podnikateľských paradigiem prostredníctvom vzdelávania v cvičnej firme  |c Ľudmila Velichová 
520 |a Cvičná firma ako jedna z foriem podpory podnikateľských paradigiem prostredníctvom vzdelávania. Cvičná firma ako moderná vyučovacia forma. Dôraz kladený na proces zakladania firmy, voľby predmetu podnikania a právnej formy podnikania, výberu obchodného mena, loga a vypracovaniu marketingovej stratégie firmy. V súčasnosti pracuje na Katedre pedagogiky Ekonomickej univerzity v Bratislave päť cvičných firiem, v ktorých sa pripravujú budúci učitelia ekonomických predmetov na vyučovací proces v cvičnej firme. 
610 2 0 |a vzdelávanie vysokoškolské 
610 2 0 |a podnikanie 
610 2 0 |a firmy 
610 2 0 |a učitelia 
610 2 0 |a študenti 
610 2 0 |a predmety učebné 
100 1 |a Velichová, Ľudmila